000 00815nac a22002657a 4500
001 BR6004782
003 BR-BrBNA
005 20240105113115.0
008 230509b bl.|||m| |||| 00| 0 por d
040 _aBR-BrBNA
_bpor
_cBiblioteca Nacional de Agricultura
072 _aL00; L30
090 _a6100 BR6004782
110 1 _aInstituto de Zootecnia, Rio de Janeiro, GB (Brasil)
_96282
245 1 _aAvicultura e cunicultura [galinha, coelho, exigencia nutricional]
260 3 _aRio de Janeiro, GB (Brasil):
_c1960.
300 _a77 p.
490 _aCircular - Instituto de Zootecnia (Brazil)
_vno. 6
_x
650 _aGALINHA
650 _aCOELHO
650 _aCRIACAO
650 _aMANEJO
650 _aEXIGENCIA NUTRICIONAL
909 _a202312
_bLúcia Elande
_c55
_dLúcia Elande
942 _2AGRIS
_n0
_cMS
999 _c261924
_d261924